000 00435nam a2200193Ia 4500
005 20240823034043.0
008 240823s9999||||xx |||||||||||||| ||und||
020 _a978-81-264-3328-5
041 _aMALAYALAM
082 _A894.8123 Q2
100 _aMukundan M
245 0 _aDelhi Gadhakal
250 _a1st
260 _c2012
_b"D C Books,Kot"
500 _aYES
650 _aFiction
_bGeneral
942 _cBK
999 _c197305
_d197305